Komunálna ekonomika a politika
Gespeichert in:
| 1. Verfasser: | |
|---|---|
| Körperschaft: | |
| Weitere Verfasser: | , |
| Format: | Buch |
| Sprache: | Slowakisch |
| Veröffentlicht: |
Bratislava
Sprint dva
2011
|
| Schriftenreihe: | Economics
|
| Schlagworte: | |
| Tags: |
Keine Tags, Fügen Sie das erste Tag hinzu!
|
MARC
| LEADER | 00000nam a2200000 4500 | ||
|---|---|---|---|
| 001 | 0126618 | ||
| 005 | 20240226122459.6 | ||
| 020 | |a 978-80-89393-38-1 | ||
| 041 | 0 | |a slo | |
| 044 | |a SK | ||
| 245 | 1 | 0 | |a Komunálna ekonomika a politika |c Marta Hamalová, Anna Belajová, Miriam Šebová |
| 264 | 1 | |a Bratislava |b Sprint dva |c 2011 | |
| 300 | |a 260 s. | ||
| 490 | 1 | |a Economics | |
| 830 | 0 | |a Economics | |
| 610 | 2 | 0 | |a ekonomika komunálna |
| 610 | 2 | 0 | |a politika komunálna |
| 610 | 2 | 0 | |a obce |
| 610 | 2 | 0 | |a samospráva |
| 610 | 2 | 0 | |a majetok |
| 610 | 2 | 0 | |a hospodárenie finančné |
| 610 | 2 | 0 | |a rozpočet miestny |
| 610 | 2 | 0 | |a politika podnikania |
| 610 | 2 | 0 | |a politika sociálna |
| 610 | 2 | 0 | |a politika ekologická |
| 610 | 2 | 0 | |a občania |
| 100 | 1 | |a Hamalová, Marta | |
| 700 | 1 | |a Belajová, Anna | |
| 700 | 1 | |a Šebová, Miriam | |
| 710 | 2 | |a Vysoká škola ekonómie a manažmentu verejnej správy v Bratislave | |